000 01029nam0a22002531i 4500
001 rc\2221046
005 20240723113746.0
035 _a(NLR Aleph) 006643214
090 _a4716032
_c4716032
100 _a20110829d1979 |||y0rusy50 ca
101 0 _arus
102 _aRU
105 _ay d |||||
200 1 _aСовершенствование государства в процессе строительства развитого социалистического общества
_e(На материалах ПНР)
_eАвтореф. дис. на соиск. учен. степ. канд. филос. наук
_e(09.00.02)
210 _aМосква
_cИзд-во Моск. ун-та
_d1979
215 _a21 с.
300 _aВ надзаг.: МГУ им. М.В. Ломоносова
700 1 _aСагатовски
_bС.
_gСтанислав
801 0 _aRU
_bNLR
_gpsbo
801 1 _aRU
_bELAR
_2rusmarc
852 _aNLR
_j79-6/3554
899 _aRuMoRGB
_jДр 378/2421
899 _aRuMoRGB
_jДр 378/2422
942 _cBOOK